| 000 | 00811 a2200205 4500 | ||
|---|---|---|---|
| 999 |
_c2096 _d2096 |
||
| 020 | _a033519334X | ||
| 020 | _a0335191088 (pbk.) | ||
| 050 | 0 | 0 | _aHJ201.IMP 1994 |
| 100 | _aGlennerster, Howard | ||
| 245 | 0 | 0 |
_aImplementing GP fundholding : _bwild card or winning hand? / _cHoward Glennerster ... [et al.]. |
| 264 |
_aBuckingham: _bOpen university press., _c1994 |
||
| 300 | _aviii, 205 p. ; | ||
| 440 | 4 | _aThe State of health series | |
| 500 | _aIncludes bibliographical references (p. [198]-203) and index. | ||
| 504 | _aIncludes bibliographical references (p. [198]-203) and index. | ||
| 650 | 0 | _aFundholding (Medical economics) | |
| 700 | 1 | _aGlennerster, Howard. | |
| 942 |
_2lcc _cBK _h201 _iGLE _kHJ |
||